Labor mobility from Academe to Commerce (Registro nro. 33411)
[ vista simple ]
| 000 -LEADER | |
|---|---|
| fixed length control field | 00397 a2200133 4500 |
| 001 - CONTROL NUMBER | |
| control field | ART_43591 |
| 005 - DATE AND TIME OF LATEST TRANSACTION | |
| control field | 20260410162024.0 |
| 008 - FIXED-LENGTH DATA ELEMENTS--GENERAL INFORMATION | |
| fixed length control field | 260409a |
| 100 1# - MAIN ENTRY--PERSONAL NAME | |
| Personal name | Zucker, Lynne G. |
| 245 10 - TITLE STATEMENT | |
| Title | Labor mobility from Academe to Commerce |
| 700 1# - ADDED ENTRY--PERSONAL NAME | |
| Personal name | Darby, Michael R. |
| 700 1# - ADDED ENTRY--PERSONAL NAME | |
| Personal name | Torero, Máximo |
| 773 0# - HOST ITEM ENTRY | |
| Title | Journal of labor economics |
| Related parts | - Vol. 20, Nº 3 (jul. 2002) |
| Record control number | REV43438 |
No hay ítems disponibles.